| 000 | 00528nam a22001937a 4500 | ||
|---|---|---|---|
| 003 | OSt | ||
| 008 | 260629b |||||||| |||| 00| 0 eng d | ||
| 020 | _a9788171641345 | ||
| 082 |
_a631.30202 _bI15H |
||
| 100 | _aICAR | ||
| 245 |
_aHandbook of Agricultural Engineering / _cby ICAR |
||
| 260 |
_a.- New Delhi _b: ICAR _c, 2022 |
||
| 300 | _a808p. | ||
| 650 | _aTechnology (Applied Sciences) | ||
| 650 | _aAgriculture and Related Technologies | ||
| 650 | _aAgricultural Engineering | ||
| 650 | _aHandbook | ||
| 942 |
_2ddc _cBK |
||
| 999 |
_c52418 _d52418 |
||